[Event "Titled Tuesday intern op 18th Jan"]
[Site "Chess.com INT"]
[Date "2022.01.18"]
[Round "6"]
[White "Tanenbaum, Zachary Chen"]
[Black "Koval, Artem"]
[Result "0-1"]
[WhiteElo "2148"]
[BlackElo "2211"]
[PlyCount "82"]
[EventDate "2022.01.18"]
[EventType "swiss (blitz)"]
[EventRounds "11"]
[EventCountry "USA"]
[SourceTitle "CBM 206 Extra"]
[Source "ChessBase"]
[SourceDate "2022.03.31"]
[SourceVersion "1"]
[SourceVersionDate "2022.03.31"]
[SourceQuality "1"]

1. e4 c5 2. Nf3 d6 3. d4 cxd4 4. Nxd4 Nf6 5. Nc3 a6 6. Be3 e5 7. Nb3 Be6 8. h3 h5 9. f4 Qc7 10. Qd2 Be7 11. 0-0-0 b5 12. fxe5 dxe5 13. Nd5 Bxd5 14. exd5 Ne4 15. Qd3 Nd6 16. Be2 Nd7 17. g4 h4 18. Qd2 a5 19. Kb1 a4 20. Nc1 0-0 21. a3 Rfc8 22. c3 Nb6 23. Na2 Nbc4 24. Bxc4 Nxc4 25. Qe2 Rd8 26. Nb4 Bxb4 27. cxb4 Qb7 28. Bg5 Rxd5 29. Bxh4 Rd2 30. Rxd2 Nxd2+ 31. Qxd2 Qxh1+ 32. Ka2 Qxh3 33. Qd5 Re8 34. Qxb5 Qb3+ 35. Kb1 Rc8 36. Qxe5 Qd1+ 37. Ka2 Rc1 38. Qe8+ Kh7 39. Qe4+ g6 40. b3 Ra1+ 41. Kb2 Qc1# 0-1

[Event "Titled Tuesday intern op 18th May"]
[Site "Chess.com INT"]
[Date "2021.05.18"]
[Round "5"]
[White "Koval, Artem"]
[Black "Mortazavi, Ali"]
[Result "0-1"]
[WhiteElo "2211"]
[BlackElo "2333"]
[PlyCount "68"]
[EventDate "2021.05.18"]
[EventType "swiss (blitz)"]
[EventRounds "11"]
[EventCountry "USA"]
[SourceTitle "CBM 202 Extra"]
[Source "ChessBase"]
[SourceDate "2021.07.31"]
[SourceVersion "1"]
[SourceVersionDate "2021.07.31"]
[SourceQuality "1"]

1. Nf3 Nf6 2. c4 g6 3. b3 Bg7 4. Bb2 0-0 5. e3 d6 6. d4 a5 7. a3 c6 8. Be2 Ne4 9. Nbd2 Nxd2 10. Qxd2 Nd7 11. 0-0 Nf6 12. h3 Bf5 13. Bd3 Bxd3 14. Qxd3 d5 15. Rac1 e6 16. Rfd1 Qe7 17. c5 Ne4 18. Nd2 f5 19. f3 Nxd2 20. Qxd2 e5 21. Re1 e4 22. f4 g5 23. Rf1 gxf4 24. Rxf4 Bh6 25. Rff1 Rf7 26. Rce1 Raf8 27. Bc1 a4 28. b4 Rg7 29. Qc2 Qh4 30. Kh1 Kh8 31. Qxa4 Rfg8 32. Re2 Rxg2 33. Rxg2 Qxh3+ 34. Rh2 Qxf1# 0-1

[Event "Titled Tuesday intern op 18th May"]
[Site "Chess.com INT"]
[Date "2021.05.18"]
[Round "11"]
[White "Koval, Artem"]
[Black "Steenbekkers, Franck"]
[Result "1-0"]
[WhiteElo "2211"]
[BlackElo "2164"]
[PlyCount "95"]
[EventDate "2021.05.18"]
[EventType "swiss (blitz)"]
[EventRounds "11"]
[EventCountry "USA"]
[SourceTitle "CBM 202 Extra"]
[Source "ChessBase"]
[SourceDate "2021.07.31"]
[SourceVersion "1"]
[SourceVersionDate "2021.07.31"]
[SourceQuality "1"]

1. d4 Nf6 2. Bf4 d5 3. e3 c5 4. c3 Nc6 5. Bd3 Qb6 6. Qb3 c4 7. Qxb6 axb6 8. Bc2 b5 9. Nd2 e6 10. Ngf3 b4 11. 0-0 Be7 12. Ne5 Nxe5 13. Bxe5 Bd7 14. Bxf6 gxf6 15. e4 0-0 16. exd5 exd5 17. Rfe1 Bd6 18. h3 Ba4 19. Bf5 Bc6 20. Nf3 b5 21. Re2 Ra7 22. cxb4 Bxb4 23. a3 Bd6 24. Rae1 Rfa8 25. Nh4 b4 26. Bg4 bxa3 27. bxa3 Rxa3 28. Nf5 Bb4 29. Rb1 Ra1 30. Reb2 Bc3 31. Rb6 Rxb1+ 32. Rxb1 Kf8 33. Kh2 Bd7 34. Ne3 Be6 35. f4 Bxd4 36. Nc2 Bc5 37. f5 Bd6+ 38. Kg1 Bd7 39. Rd1 Bc6 40. Nd4 Bb7 41. Bf3 Be5 42. Nb5 Rb8 43. Bxd5 Bxd5 44. Rxd5 c3 45. Na3 Ra8 46. Nc2 Ra2 47. Ne3 c2 48. Nxc2 1-0

[Event "Titled Tuesday intern op 02nd Mar"]
[Site "Chess.com INT"]
[Date "2021.03.02"]
[Round "5"]
[White "Poliannikov, Danila"]
[Black "Koval, Artem"]
[Result "1-0"]
[WhiteElo "2227"]
[BlackElo "2211"]
[PlyCount "23"]
[EventDate "2021.03.02"]
[EventType "swiss (blitz)"]
[EventRounds "11"]
[EventCountry "USA"]
[SourceTitle "CBM 201 Extra"]
[Source "ChessBase"]
[SourceDate "2021.05.31"]
[SourceVersion "1"]
[SourceVersionDate "2021.05.31"]
[SourceQuality "1"]

1. e4 c5 2. d3 d6 3. Nf3 Nf6 4. g3 e5 5. Bg2 Bg4 6. h3 Bxf3 7. Qxf3 Nc6 8. 0-0 Nd4 9. Qd1 Be7 10. f4 h5 11. c3 Nc6 12. Be3 1-0

[Event "Titled Tuesday intern op 01st Sept"]
[Site "Chess.com INT"]
[Date "2020.09.01"]
[Round "4"]
[White "Koval, Artem"]
[Black "Grabinsky, Vladimir"]
[Result "0-1"]
[WhiteElo "2246"]
[BlackElo "2219"]
[PlyCount "92"]
[EventDate "2020.09.01"]
[EventType "swiss (blitz)"]
[EventRounds "10"]
[EventCountry "USA"]
[SourceTitle "CBM 198 Extra"]
[Source "ChessBase"]
[SourceDate "2020.11.30"]
[SourceVersion "1"]
[SourceVersionDate "2020.11.30"]
[SourceQuality "1"]

1. e4 c5 2. Nf3 Nc6 3. b4 cxb4 4. d4 d5 5. exd5 Qxd5 6. c4 Qa5 7. d5 b3+ 8. Bd2 b2 9. Bxa5 bxa1Q 10. dxc6 b6 11. Bc3 Qxa2 12. c5 Qe6+ 13. Be2 Qxc6 14. Na3 Bd7 15. 0-0 bxc5 16. Bb5 Qc7 17. Be5 Qc8 18. Qd5 Nf6 19. Bxf6 Bxb5 20. Nxb5 gxf6 21. Qxa8 Qxa8 22. Nc7+ Kd7 23. Nxa8 Bh6 24. Ra1 Rxa8 25. Ra6 Kc7 26. g4 Kb7 27. Ra2 a5 28. h4 Bf4 29. Ne1 c4 30. Nc2 Be5 31. Kf1 a4 32. Ke2 Kb6 33. Ne3 Kc5 34. Kd2 a3 35. Kc2 Bb2 36. Nd1 Rd8 37. Nxb2 axb2 38. Rxb2 Rd4 39. f3 Rf4 40. Rb7 Rxf3 41. Rxe7 Rf2+ 42. Kd1 Kd4 43. Rxf7 Kd3 44. Ke1 Rh2 45. Rd7+ Ke3 46. Rxh7 Rh1# 0-1

[Event "Titled Tuesday intern op 01st Sept"]
[Site "Chess.com INT"]
[Date "2020.09.01"]
[Round "2"]
[White "Koval, Artem"]
[Black "Maranhao, Jose Renato Ruiz"]
[Result "1-0"]
[WhiteElo "2246"]
[BlackElo "1923"]
[PlyCount "77"]
[EventDate "2020.09.01"]
[EventType "swiss (blitz)"]
[EventRounds "10"]
[EventCountry "USA"]
[SourceTitle "CBM 198 Extra"]
[Source "ChessBase"]
[SourceDate "2020.11.30"]
[SourceVersion "1"]
[SourceVersionDate "2020.11.30"]
[SourceQuality "1"]

1. e4 c5 2. Nf3 Nc6 3. b4 Nxb4 4. c3 Nc6 5. d4 cxd4 6. cxd4 d5 7. exd5 Qxd5 8. Nc3 Qd8 9. d5 Nb8 10. Bb5+ Bd7 11. 0-0 a6 12. Qa4 g6 13. Re1 Bg7 14. Bb2 Bxb5 15. Nxb5 Bxb2 16. Nc7+ Kf8 17. Nxa8 Bxa1 18. Rxa1 Qxd5 19. Rd1 b5 20. Rxd5 bxa4 21. Rd8+ Kg7 22. Rxb8 Nf6 23. Rxh8 Kxh8 24. Ne5 Kg7 25. Nc7 Ne4 26. Nxa6 Kf6 27. Nd3 Nc3 28. Nab4 Ke6 29. Kf1 Kd6 30. Ke1 e5 31. Kd2 Ne4+ 32. Kc2 Nf6 33. a3 Ng4 34. h3 Nh6 35. Nb2 Kc5 36. Nxa4+ Kc4 37. Nb2+ Kb5 38. N4d3 e4 39. a4+ 1-0

[Event "Titled Tuesday intern op 4th Aug 10am"]
[Site "Chess.com INT"]
[Date "2020.08.04"]
[Round "1"]
[White "Amin, Bassem"]
[Black "Koval, Artem"]
[Result "1-0"]
[WhiteElo "2686"]
[BlackElo "2246"]
[PlyCount "45"]
[EventDate "2020.08.04"]
[EventType "swiss (blitz)"]
[EventRounds "10"]
[EventCountry "USA"]
[SourceTitle "CBM 197 Extra"]
[Source "ChessBase"]
[SourceDate "2020.09.30"]
[SourceVersion "1"]
[SourceVersionDate "2020.09.30"]
[SourceQuality "1"]

1. e4 c5 2. Nf3 d6 3. g3 Nc6 4. Bg2 e5 5. 0-0 g6 6. c3 Bg7 7. a3 Nge7 8. d3 0-0 9. b4 a6 10. Nbd2 Bg4 11. Rb1 Qd7 12. Nc4 Rad8 13. Ne3 Bh3 14. Bxh3 Qxh3 15. bxc5 dxc5 16. Rxb7 h6 17. c4 f5 18. Nd5 fxe4 19. dxe4 Kh7 20. Bg5 Nxd5 21. cxd5 Rxf3 22. Qxf3 hxg5 23. dxc6 1-0

[Event "Titled Tuesday intern op 4th Aug 10am"]
[Site "Chess.com INT"]
[Date "2020.08.04"]
[Round "7"]
[White "Jaracz, Pawel"]
[Black "Koval, Artem"]
[Result "1-0"]
[WhiteElo "2456"]
[BlackElo "2246"]
[PlyCount "41"]
[EventDate "2020.08.04"]
[EventType "swiss (blitz)"]
[EventRounds "10"]
[EventCountry "USA"]
[SourceTitle "CBM 197 Extra"]
[Source "ChessBase"]
[SourceDate "2020.09.30"]
[SourceVersion "1"]
[SourceVersionDate "2020.09.30"]
[SourceQuality "1"]

1. d4 d5 2. c4 e5 3. dxe5 d4 4. Nf3 Nc6 5. a3 Nge7 6. g3 Ng6 7. Qa4 Bd7 8. Qb3 Ngxe5 9. Nxe5 Nxe5 10. Bg2 Rb8 11. 0-0 Bc6 12. Rd1 Bxg2 13. Kxg2 Bc5 14. Bf4 Ng6 15. Qb5+ Qd7 16. Qxc5 Nxf4+ 17. gxf4 Qg4+ 18. Kh1 Rd8 19. Rxd4 Rxd4 20. Qxd4 0-0 21. Nc3 1-0

[Event "Titled Tuesday intern op 4th Aug 10am"]
[Site "Chess.com INT"]
[Date "2020.08.04"]
[Round "4"]
[White "Koval, Artem"]
[Black "Cooper, Aaron"]
[Result "1-0"]
[WhiteElo "2246"]
[BlackElo "1904"]
[PlyCount "67"]
[EventDate "2020.08.04"]
[EventType "swiss (blitz)"]
[EventRounds "10"]
[EventCountry "USA"]
[SourceTitle "CBM 197 Extra"]
[Source "ChessBase"]
[SourceDate "2020.09.30"]
[SourceVersion "1"]
[SourceVersionDate "2020.09.30"]
[SourceQuality "1"]

1. e4 d5 2. Nc3 d4 3. Nce2 e5 4. d3 c5 5. f4 f6 6. Nf3 Nc6 7. g3 Bd6 8. Bg2 Nge7 9. 0-0 0-0 10. h3 b5 11. g4 c4 12. f5 Bd7 13. g5 Rc8 14. Qe1 Nb4 15. Qh4 Rf7 16. Ng3 Nxc2 17. Nh5 Nxf5 18. exf5 Bxf5 19. Ne1 Bxd3 20. Nxc2 Bxc2 21. Bd5 Bg6 22. gxf6 Bc5 23. Bxf7+ Bxf7 24. Nxg7 d3+ 25. Kh2 Qd4 26. Qxd4 Bxd4 27. Nf5 Rd8 28. Be3 Bxb2 29. Rg1+ Kf8 30. Bc5+ Ke8 31. Rab1 c3 32. Nd6+ Rxd6 33. Bxd6 e4 34. Be5 1-0

[Event "Titled Tuesday intern op 4th Aug 10am"]
[Site "Chess.com INT"]
[Date "2020.08.04"]
[Round "2"]
[White "Koval, Artem"]
[Black "Ikejiri, Daniel Yoshito"]
[Result "1-0"]
[WhiteElo "2246"]
[BlackElo "1961"]
[PlyCount "65"]
[EventDate "2020.08.04"]
[EventType "swiss (blitz)"]
[EventRounds "10"]
[EventCountry "USA"]
[SourceTitle "CBM 197 Extra"]
[Source "ChessBase"]
[SourceDate "2020.09.30"]
[SourceVersion "1"]
[SourceVersionDate "2020.09.30"]
[SourceQuality "1"]

1. e4 c5 2. Nf3 d6 3. d4 cxd4 4. Nxd4 Nf6 5. Nc3 a6 6. f4 e6 7. Bd3 Be7 8. 0-0 Qc7 9. Kh1 0-0 10. Qe2 Nc6 11. Nf3 b5 12. a3 Bd7 13. Bd2 Rfe8 14. Rae1 Rad8 15. Qf2 g6 16. Qg3 Bf8 17. f5 exf5 18. exf5 Rxe1 19. Nxe1 Bg7 20. Bg5 Nh5 21. Qh4 Re8 22. fxg6 hxg6 23. g4 Nd4 24. gxh5 Bc6+ 25. Ng2 Nf3 26. Rxf3 Bxf3 27. hxg6 fxg6 28. Bxg6 Bxc3 29. Bxe8 Bxg2+ 30. Kxg2 Qb7+ 31. Kg1 Qb6+ 32. Qf2 Bg7 33. Qxb6 1-0

[Event "Titled Tuesday intern op 7th July"]
[Site "Chess.com INT"]
[Date "2020.07.07"]
[Round "4"]
[White "Diaz Perez, Michel Alejandro"]
[Black "Koval, Artem"]
[Result "0-1"]
[WhiteElo "2459"]
[BlackElo "2263"]
[PlyCount "104"]
[EventDate "2020.07.07"]
[EventType "swiss (blitz)"]
[EventRounds "10"]
[EventCountry "USA"]
[SourceTitle "CBM 197 Extra"]
[Source "ChessBase"]
[SourceDate "2020.09.30"]
[SourceVersion "1"]
[SourceVersionDate "2020.09.30"]
[SourceQuality "1"]

1. e4 c5 2. Nf3 d6 3. d4 cxd4 4. Nxd4 Nf6 5. Nc3 a6 6. Be2 Nbd7 7. 0-0 g6 8. f4 Bg7 9. Bf3 0-0 10. Qe1 Qc7 11. Be3 Rb8 12. a4 b6 13. e5 dxe5 14. Nc6 exf4 15. Nxb8 fxe3 16. Nxd7 Bxd7 17. Qxe3 e6 18. Rad1 Bc6 19. Bxc6 Qxc6 20. Kh1 Ng4 21. Qf3 Qxf3 22. Rxf3 Bxc3 23. bxc3 Rc8 24. Rd6 Ne5 25. Rf2 Nc4 26. Rd7 Ne5 27. Rb7 Rc6 28. h3 h5 29. Re2 Nc4 30. Re4 Kg7 31. Rd4 a5 32. Rdd7 Ne5 33. Rdc7 Rd6 34. Kh2 h4 35. Kg1 g5 36. Kf2 Kg6 37. Ke3 Kf5 38. c4 f6 39. c5 Nc4+ 40. Ke2 Rd2+ 41. Ke1 Rxg2 42. cxb6 Ne3 43. Rc5+ Kf4 44. Rf7 f5 45. Rc3 Kf3 46. Rxe3+ Kxe3 47. Kf1 Rxc2 48. Re7 Kf3 49. Ke1 Rc6 50. b7 Rb6 51. Rxe6 Rxe6+ 52. Kd2 Rb6 0-1

[Event "Titled Tuesday intern op 7th July"]
[Site "Chess.com INT"]
[Date "2020.07.07"]
[Round "6"]
[White "Koval, Artem"]
[Black "Shkapenko, Pavel"]
[Result "1/2-1/2"]
[WhiteElo "2263"]
[BlackElo "2424"]
[PlyCount "90"]
[EventDate "2020.07.07"]
[EventType "swiss (blitz)"]
[EventRounds "10"]
[EventCountry "USA"]
[SourceTitle "CBM 197 Extra"]
[Source "ChessBase"]
[SourceDate "2020.09.30"]
[SourceVersion "1"]
[SourceVersionDate "2020.09.30"]
[SourceQuality "1"]

1. e4 e5 2. d4 exd4 3. Bc4 Nc6 4. Nf3 Bc5 5. 0-0 Nf6 6. c3 dxc3 7. Nxc3 d6 8. Bg5 h6 9. Bh4 g5 10. Bg3 Bg4 11. Qd3 Qd7 12. a3 0-0-0 13. b4 Bb6 14. Bb5 Kb8 15. Nd5 Nh5 16. a4 Bxf3 17. Qxf3 Nxg3 18. hxg3 Nd4 19. Qd3 Nxb5 20. axb5 Rhe8 21. Nxb6 cxb6 22. Qa3 Qxb5 23. Qxa7+ Kc7 24. Rfc1+ Kd7 25. Qxb7+ Ke6 26. e5 Qd5 27. Qxb6 Rb8 28. Qe3 Qxe5 29. Qf3 Qf5 30. Qb3+ Kf6 31. Ra7 Kg7 32. Rcc7 Rf8 33. Rd7 Rb5 34. Rxd6 Re5 35. Qc3 Kh7 36. Raa6 Re6 37. Rxe6 fxe6 38. Ra7+ Rf7 39. Rxf7+ Qxf7 40. b5 Qd7 41. b6 Qd1+ 42. Kh2 Qh5+ 43. Kg1 Qd1+ 44. Kh2 Qh5+ 45. Kg1 Qd1+ 1/2-1/2

[Event "Titled Tuesday intern op 23rd June"]
[Site "Chess.com INT"]
[Date "2020.06.23"]
[Round "6"]
[White "Koval, Artem"]
[Black "Priasmoro, Novendra"]
[Result "0-1"]
[WhiteElo "2263"]
[BlackElo "2502"]
[PlyCount "72"]
[EventDate "2020.06.23"]
[EventType "swiss (blitz)"]
[EventRounds "10"]
[EventCountry "USA"]
[SourceTitle "CBM 197 Extra"]
[Source "ChessBase"]
[SourceDate "2020.09.30"]
[SourceVersion "1"]
[SourceVersionDate "2020.09.30"]
[SourceQuality "1"]

1. e4 c5 2. Nf3 Nc6 3. b4 cxb4 4. d4 d5 5. exd5 Qxd5 6. c4 bxc3 7. Nxc3 Qa5 8. Bd2 e6 9. d5 exd5 10. Bb5 Qd8 11. 0-0 Nf6 12. Re1+ Be7 13. Ne5 Bd7 14. Nxd7 Qxd7 15. Qe2 d4 16. Ne4 0-0 17. Rad1 Rfe8 18. Bc4 Nxe4 19. Qxe4 Bf6 20. Qb1 Rxe1+ 21. Rxe1 a6 22. Qe4 Rd8 23. h4 Ne5 24. Bb3 Qc6 25. Qf5 g6 26. Qf4 Nd3 27. Qe4 Nxe1 28. Qxe1 Re8 29. Qd1 Qe4 30. h5 Qe2 31. Qc1 Qxh5 32. Qc7 Rf8 33. Bb4 Be5 34. Qxb7 d3 35. Bxf8 Qh2+ 36. Kf1 Qh1# 0-1

[Event "Titled Tuesday intern op 28th Apr"]
[Site "Chess.com INT"]
[Date "2020.04.28"]
[Round "4"]
[White "Murzin, Volodar"]
[Black "Koval, Artem"]
[Result "0-1"]
[WhiteElo "2465"]
[BlackElo "2263"]
[PlyCount "68"]
[EventDate "2020.04.28"]
[EventType "swiss (blitz)"]
[EventRounds "10"]
[EventCountry "USA"]
[SourceTitle "EXT 2021"]
[Source "ChessBase"]
[SourceDate "2020.10.23"]
[SourceVersion "1"]
[SourceVersionDate "2020.10.23"]
[SourceQuality "1"]

1. Nf3 d6 2. g3 e5 3. Bg2 Nc6 4. 0-0 Nf6 5. d3 Bg4 6. Nc3 Qd7 7. Bg5 Be7 8. Bxf6 Bxf6 9. Nd5 0-0-0 10. b4 Bh3 11. b5 Ne7 12. Nxe7+ Bxe7 13. a4 h5 14. a5 h4 15. Bh1 hxg3 16. fxg3 Bxf1 17. Qxf1 d5 18. Qf2 Qxb5 19. a6 Bc5 20. d4 exd4 21. axb7+ Kxb7 22. Kg2 d3 23. Qe1 dxc2 24. Rc1 Qd7 25. h4 f6 26. Rxc2 Bb6 27. Qa1 Rde8 28. Nd4 g5 29. Nc6 gxh4 30. Kf1 hxg3 31. Bf3 g2+ 32. Bxg2 Qf5+ 33. Ke1 Qxc2 34. Nb4 Qxe2# 0-1

[Event "Titled Tuesday intern op 28th Apr"]
[Site "Chess.com INT"]
[Date "2020.04.28"]
[Round "6"]
[White "Petrov, Martin"]
[Black "Koval, Artem"]
[Result "1-0"]
[WhiteElo "2520"]
[BlackElo "2263"]
[PlyCount "161"]
[EventDate "2020.04.28"]
[EventType "swiss (blitz)"]
[EventRounds "10"]
[EventCountry "USA"]
[SourceTitle "EXT 2021"]
[Source "ChessBase"]
[SourceDate "2020.10.23"]
[SourceVersion "1"]
[SourceVersionDate "2020.10.23"]
[SourceQuality "1"]

1. c4 e5 2. d3 Nc6 3. Nf3 d6 4. g3 Nf6 5. Bg2 Bg4 6. Nc3 Qd7 7. h3 Bf5 8. Rb1 a5 9. a3 h6 10. Nd5 Nxd5 11. cxd5 Ne7 12. e4 Bg6 13. 0-0 f5 14. Nh4 Bh7 15. f4 g6 16. fxe5 dxe5 17. d4 Bg7 18. dxe5 Bxe5 19. Bxh6 Bxg3 20. Nf3 fxe4 21. Ng5 Qxd5 22. Qxd5 Nxd5 23. Bg7 Rg8 24. Bd4 0-0-0 25. Nxh7 Nf4 26. Be3 Ne2+ 27. Kh1 Rh8 28. Ng5 Rd3 29. Bc1 e3 30. Be4 Rd7 31. Bxg6 Rg7 32. Bf5+ Kb8 33. Bxe3 Bd6 34. Rf3 Ng3+ 35. Rxg3 Bxg3 36. Rg1 Bh4 37. Bd4 Rhg8 38. Bxg7 Rxg7 39. Nf3 Rxg1+ 40. Kxg1 Bf6 41. h4 Bxb2 42. a4 c6 43. Kf1 b5 44. axb5 cxb5 45. Bd7 b4 46. Ba4 Kc7 47. Ke2 Kd6 48. Kd3 Ke7 49. Ke4 Bc3 50. h5 Kf7 51. Kf5 Kg7 52. Kg5 Bb2 53. h6+ Kh8 54. Kg6 Bc1 55. Ne5 Bxh6 56. Kxh6 Kg8 57. Kg6 Kf8 58. Nc6 Ke8 59. Nxa5+ Kf8 60. Kf6 Kg8 61. Nc6 Kh8 62. Ne7 b3 63. Bxb3 Kh7 64. Ng6 Kh6 65. Bg8 Kh5 66. Ne5 Kh4 67. Bd5 Kg3 68. Nd3 Kg4 69. Kg6 Kh4 70. Bf3 Kg3 71. Be2 Kh4 72. Kf5 Kg3 73. Kg5 Kh3 74. Bf3 Kg3 75. Bg4 Kg2 76. Kh4 Kf1 77. Kg3 Kg1 78. Be2 Kh1 79. Nf2+ Kg1 80. Nh3+ Kh1 81. Bf3# 1-0